000 00253nam a22001217a 4500
082 _a001
_bKAN/K
100 _aKANKARAGHAVAN
245 _aKERALA TRAVEL GUIDE
260 _aTHRISSUR
_bH&C
300 _a48
650 _aGUIDE - KERALA
_zKERALA
942 _cBK
999 _c6114
_d6114